From creation to redemption themes in Lutheran dogmatics for teachers of christian education in public schools Part II

Podrobná bibliografia
Hlavný autor: Valčo, Michal, 1976- (Autor)
Médium: Program E-kniha
Jazyk:angličtina
slovenčina
PhysicalDescription:1 elektronický optický disk (CD-ROM) 12 cm
Vydavateľské údaje: Žilina Žilinská univerzita 2008
ISBN:9788055400440
Predmet:

MARC

LEADER 00000nam a2200000 a 4500
001 vtls010032548
003 SK-MaSNL
005 20260301212617.0
007 co bg mnuua
008 240315s2008 xo fsp 000 0 eng
015 |a SNBS2010/01-00860 
020 |a 9788055400440  |q (elektronická kniha) 
040 |a SNK  |b slo  |c SNK  |e AACR2 
041 0 |a eng  |a slo 
044 |a xo  |c SK 
072 7 |a 2  |x Náboženstvo  |2 konspekt 
080 |a 2-47  |2 2001 
080 |a 274/279-1/-9  |2 2001 
080 |a (0.034.44)  |2 2001 
100 1 |a Valčo, Michal,  |d 1976-  |4 aut  |9 206777 
245 1 0 |a From creation to redemption  |h elektronický zdroj  |b themes in Lutheran dogmatics for teachers of christian education in public schools  |n Part II  |c Michal Valčo 
260 |a Žilina  |b Žilinská univerzita  |c 2008 
300 |a 1 elektronický optický disk (CD-ROM)  |c 12 cm 
500 |a Názov z titulnej obrazovky 
516 |a Textový dokument (učebnica), súbory vo formáte doc a pdf 
538 |a Technické požiadavky: Adobe Reader, Microsoft Word 
650 0 7 |a náboženská výchova  |2 SNKPH  |9 67239 
650 0 7 |a evanjelické učenie  |2 SNKPH  |9 118035 
655 7 |a elektronické zdroje  |2 SNKPH  |9 90954 
655 7 |a CD-ROM  |2 SNKPH  |9 70236 
655 7 |a učebnice vysokých škôl  |2 SNKPH  |9 70191 
919 |a 978-80-554-0044-0 
958 |a NT 
999 |c 918656  |d 920586 
952 |a SNK  |b SNK  |y PREZ  |7 0  |p 17A0640318  |o snkSCDM 2467/2  |i snk2009/22515  |8 0  |0 0  |1 0  |4 0  |d 2009-12-16  |l 0  |r 2026-02-24 08:07:51  |w 2026-02-24 
952 |t snkFRO 2-47  |a SNKMST  |b SNKMST  |y PREZ  |7 0  |p 17A0640319  |o snkSCDM 2467/2 D1  |i snk2009/22516  |8 0  |0 0  |1 0  |4 0  |d 2009-12-16  |l 0  |r 2025-08-13 00:00:00  |w 2026-02-24